[Event "Catalunya-chT GpA final"]
[Site "Barcelona"]
[Date "2015.03.21"]
[Round "9.2"]
[White "Lorenzo de la Riva, Lazaro"]
[Black "Raineri de Luca, Pablo"]
[Result "1-0"]
[WhiteElo "2379"]
[BlackElo "2266"]
[PlyCount "99"]
[EventDate "2015.03.14"]
[EventType "team-tourn"]
[EventRounds "11"]
[EventCountry "ESP"]
[SourceTitle "EXT 2016"]
[Source "ChessBase"]
[SourceDate "2015.10.08"]
[SourceVersion "1"]
[SourceVersionDate "2015.10.08"]
[SourceQuality "1"]
[WhiteTeam "Colon Sabadell"]
[BlackTeam "Sant Josep de Badalona"]
[WhiteTeamCountry "ESP"]
[BlackTeamCountry "ESP"]

1. e4 c6 2. d4 d5 3. e5 Bf5 4. h4 h6 5. g4 Bd7 6. h5 Qc8 7. Be2 c5 8. c3 Nc6 9. Be3 e6 10. f4 Na5 11. Nd2 cxd4 12. cxd4 Qd8 13. Ngf3 Rc8 14. Rc1 Bb4 15. Rxc8 Qxc8 16. Kf2 Ne7 17. a3 Bxd2 18. Bxd2 Qc7 19. Bb4 Nec6 20. Bc5 Ne7 21. b3 b6 22. Bb4 Nac6 23. Bd6 Qb7 24. Qd2 Nc8 25. Bb4 Nxb4 26. Qxb4 a5 27. Qd2 Na7 28. Rc1 Bb5 29. Bxb5+ Nxb5 30. a4 Na7 31. f5 Nc6 32. Qc2 Kd7 33. fxe6+ fxe6 34. Qg6 Ne7 35. Qxg7 Rg8 36. Qxh6 Rxg4 37. Qf6 Qb8 38. Rg1 Rxg1 39. Nxg1 Qg8 40. Nf3 Qh7 41. Qxe6+ Ke8 42. h6 Qc2+ 43. Kg3 Kf8 44. Qf6+ Ke8 45. e6 Nf5+ 46. Kh3 Nd6 47. Qh8+ Ke7 48. Qg7+ Kxe6 49. Ng5+ Kf5 50. Qh7+ 1-0

[Event "Catalunya-chT Gp1"]
[Site "Barcelona"]
[Date "2015.02.07"]
[Round "3.1"]
[White "Raineri de Luca, Pablo"]
[Black "Asensio Linan, Teodoro"]
[Result "0-1"]
[WhiteElo "2266"]
[BlackElo "2145"]
[PlyCount "80"]
[EventDate "2015.01.24"]
[EventType "team-tourn"]
[EventRounds "7"]
[EventCountry "ESP"]
[SourceTitle "CBM 164 Extra"]
[Source "ChessBase"]
[SourceDate "2015.03.02"]
[SourceVersion "1"]
[SourceVersionDate "2015.03.02"]
[SourceQuality "1"]
[WhiteTeam "Sant Josep de Badalona"]
[BlackTeam "Montcada"]
[WhiteTeamCountry "ESP"]
[BlackTeamCountry "ESP"]

1. d4 Nf6 2. c4 c5 3. d5 e5 4. Nc3 d6 5. g3 Be7 6. Bg2 Na6 7. e4 0-0 8. Nge2 Ne8 9. 0-0 Bd7 10. Be3 Rb8 11. Nb5 Ra8 12. Qd2 Nec7 13. Nec3 Kh8 14. f4 f6 15. a3 Qe8 16. Qe2 Nxb5 17. Nxb5 Bxb5 18. cxb5 Nc7 19. a4 f5 20. fxe5 fxe4 21. Bxe4 dxe5 22. Rxf8+ Bxf8 23. Qf2 Qe7 24. Rc1 Re8 25. Bxc5 Qg5 26. Be3 Qg4 27. Bf5 Qxa4 28. Rxc7 Qd1+ 29. Qf1 Qxd5 30. Bc2 e4 31. Qf7 Qe5 32. Qc4 Qf5 33. Rf7 Qe5 34. Bd4 Qg5 35. Qf1 Bc5 36. Bxc5 Qxc5+ 37. Qf2 e3 38. Qe2 Rc8 39. Bd3 Rd8 40. Rf3 Rxd3 0-1

[Event "Catalunya-chT"]
[Site "Catalunya"]
[Date "2014.03.15"]
[Round "8.2"]
[White "Raineri de Luca, Pablo"]
[Black "Pinsach Gelabert, Alexandre"]
[Result "1-0"]
[WhiteElo "2266"]
[BlackElo "2138"]
[PlyCount "63"]
[EventDate "2014.01.25"]
[EventType "team"]
[EventRounds "11"]
[EventCountry "ESP"]
[SourceTitle "EXT 2015"]
[Source "ChessBase"]
[SourceDate "2014.11.20"]
[SourceVersion "1"]
[SourceVersionDate "2014.11.20"]
[SourceQuality "1"]
[WhiteTeam "Badalona Sant Josep"]
[BlackTeam "Figueres"]
[WhiteTeamCountry "ESP"]
[BlackTeamCountry "ESP"]

1. Nf3 d5 2. c4 e6 3. g3 c5 4. Bg2 Nf6 5. 0-0 Nc6 6. d4 Be7 7. Nc3 0-0 8. cxd5 exd5 9. dxc5 Bxc5 10. Bg5 d4 11. Bxf6 Qxf6 12. Ne4 Qe7 13. Nxc5 Qxc5 14. Rc1 Qb6 15. Qd2 Bf5 16. Rfd1 Rad8 17. Nh4 Be6 18. b3 Nb4 19. Be4 Rfe8 20. Bb1 Bg4 21. Re1 Nd5 22. Qg5 Bxe2 23. Nf5 Qf6 24. Qd2 Nc3 25. Bd3 Bxd3 26. Qxd3 Ne2+ 27. Rxe2 Rxe2 28. Qxe2 Qxf5 29. Qe7 Qd5 30. Rc5 Qxc5 31. Qxc5 d3 32. Qc7 1-0

[Event "Catalunya-chT Honor"]
[Site "Catalunya"]
[Date "2013.01.26"]
[Round "2.3"]
[White "Willemze, Thomas"]
[Black "Raineri de Luca, Pablo"]
[Result "1-0"]
[WhiteElo "2397"]
[BlackElo "2273"]
[PlyCount "59"]
[EventDate "2013.01.19"]
[EventType "team-tourn"]
[EventRounds "11"]
[EventCountry "ESP"]
[SourceTitle "CBM 152 Extra"]
[Source "ChessBase"]
[SourceDate "2013.02.25"]
[SourceVersion "1"]
[SourceVersionDate "2013.02.25"]
[SourceQuality "1"]
[WhiteTeam "Barbera"]
[BlackTeam "Cerdanyola Valles"]
[WhiteTeamCountry "ESP"]
[BlackTeamCountry "ESP"]

1. e4 c6 2. c4 e5 3. Nf3 d6 4. d4 Nd7 5. Nc3 Ngf6 6. Be2 g6 7. 0-0 Bg7 8. dxe5 dxe5 9. Qd6 Qe7 10. Qxe7+ Kxe7 11. b3 b6 12. Ba3+ c5 13. b4 Bb7 14. Nd2 Bh6 15. Nb3 Rhc8 16. bxc5 Nxc5 17. Nxc5 bxc5 18. Rab1 Rab8 19. Rb5 Bxe4 20. Bxc5+ Ke6 21. Ra5 Rb2 22. Bg4+ Nxg4 23. Nxe4 Rc6 24. Rxa7 Nf6 25. Re7+ Kf5 26. Ng3+ Kg4 27. f3+ Kh4 28. Bf2 Bf4 29. Rxf7 Kg5 30. a4 1-0

[Event "Catalunya-chT"]
[Site "Catalunya"]
[Date "2012.03.10"]
[Round "7.4"]
[White "Iglesias, Jorge"]
[Black "Raineri de Luca, Pablo"]
[Result "1/2-1/2"]
[WhiteElo "2303"]
[BlackElo "2261"]
[PlyCount "36"]
[EventDate "2012.01.28"]
[EventType "team-tourn"]
[EventRounds "11"]
[EventCountry "ESP"]
[SourceTitle "EXT 2013"]
[Source "ChessBase"]
[SourceDate "2012.11.22"]
[SourceVersion "1"]
[SourceVersionDate "2012.11.22"]
[SourceQuality "1"]
[WhiteTeam "Badalona Sant Josep"]
[BlackTeam "Cerdanyola Valles"]
[WhiteTeamCountry "ESP"]
[BlackTeamCountry "ESP"]

1. e4 c6 2. d4 d5 3. Nd2 dxe4 4. Nxe4 Bf5 5. Ng3 Bg6 6. h4 h6 7. Nf3 Nd7 8. h5 Bh7 9. Bd3 Bxd3 10. Qxd3 e6 11. Bd2 Ngf6 12. 0-0-0 Be7 13. Ne4 Nxe4 14. Qxe4 Nf6 15. Qe2 Qd5 16. c4 Qe4 17. Qxe4 Nxe4 18. Be3 f5 1/2-1/2

[Event "Catalunya-chT"]
[Site "Catalunya"]
[Date "2012.01.28"]
[Round "1.4"]
[White "Raineri de Luca, Pablo"]
[Black "Vila Gazquez, Xavier"]
[Result "1/2-1/2"]
[WhiteElo "2275"]
[BlackElo "2456"]
[PlyCount "105"]
[EventDate "2012.01.28"]
[EventType "team-tourn"]
[EventRounds "11"]
[EventCountry "ESP"]
[SourceTitle "EXT 2013"]
[Source "ChessBase"]
[SourceDate "2012.11.22"]
[SourceVersion "1"]
[SourceVersionDate "2012.11.22"]
[SourceQuality "1"]
[WhiteTeam "Cerdanyola Valles"]
[BlackTeam "Barcelona Uga"]
[WhiteTeamCountry "ESP"]
[BlackTeamCountry "ESP"]

1. Nf3 Nf6 2. c4 g6 3. Nc3 d5 4. cxd5 Nxd5 5. h4 h5 6. e4 Nxc3 7. dxc3 Qxd1+ 8. Kxd1 Bg4 9. Kc2 Nd7 10. Be3 e5 11. Bc4 Bxf3 12. gxf3 Bc5 13. Bxc5 Nxc5 14. b4 Nd7 15. Rad1 Nb6 16. Bd5 c6 17. Bb3 Ke7 18. Rhg1 Rad8 19. a4 Rxd1 20. Kxd1 Nd7 21. Ke2 Nf8 22. Ke3 Ne6 23. Bxe6 Kxe6 24. f4 exf4+ 25. Kxf4 Rd8 26. Ke3 b6 27. f4 Kf6 28. Ra1 c5 29. a5 c4 30. axb6 axb6 31. Ra6 Rd3+ 32. Ke2 Rxc3 33. Rxb6+ Ke7 34. Rc6 Kd7 35. Rc5 Rh3 36. Rxc4 Rxh4 37. Ke3 Rh1 38. Kd4 Rd1+ 39. Ke3 Rb1 40. Rd4+ Ke6 41. Rc4 h4 42. Kf3 Rb3+ 43. Kg2 Kf6 44. b5 Rxb5 45. Kh3 Rh5 46. Rc6+ Kg7 47. Ra6 Rh8 48. Ra7 g5 49. fxg5 Kg6 50. Ra5 Kh5 51. Rf5 Rf8 52. g6+ Kxg6 53. Kxh4 1/2-1/2

[Event "ESP-chT CECLUB GpB"]
[Site "Sabadell"]
[Date "2011.09.02"]
[Round "5"]
[White "Raineri de Luca, Pablo"]
[Black "Baches Garcia, Guillermo"]
[Result "1/2-1/2"]
[WhiteElo "2263"]
[BlackElo "2382"]
[PlyCount "31"]
[EventDate "2011.08.29"]
[EventType "team-tourn"]
[EventRounds "5"]
[EventCountry "ESP"]
[SourceTitle "CBM 144 Extra"]
[Source "ChessBase"]
[SourceDate "2011.10.28"]
[SourceVersion "1"]
[SourceVersionDate "2011.10.28"]
[SourceQuality "1"]
[WhiteTeam "Cerdanyola Valles"]
[BlackTeam "Lleida"]
[WhiteTeamCountry "ESP"]
[BlackTeamCountry "ESP"]

1. Nf3 Nf6 2. c4 Nc6 3. d4 e6 4. g3 Bb4+ 5. Bd2 Qe7 6. Bg2 Bxd2+ 7. Nbxd2 d6 8. Nf1 0-0 9. Ne3 e5 10. 0-0 Bd7 11. Rc1 Rfb8 12. b3 Nb4 13. a3 Na6 14. Qd2 c5 15. Rfd1 Be6 16. d5 1/2-1/2

[Event "ESP-chT CECLUB GpB"]
[Site "Sabadell"]
[Date "2011.08.30"]
[Round "2"]
[White "Torrecillas Martinez, Antonio"]
[Black "Raineri de Luca, Pablo"]
[Result "1-0"]
[WhiteElo "2413"]
[BlackElo "2263"]
[PlyCount "50"]
[EventDate "2011.08.29"]
[EventType "team-tourn"]
[EventRounds "5"]
[EventCountry "ESP"]
[SourceTitle "CBM 144 Extra"]
[Source "ChessBase"]
[SourceDate "2011.10.28"]
[SourceVersion "1"]
[SourceVersionDate "2011.10.28"]
[SourceQuality "1"]
[WhiteTeam "Foment Martinenc"]
[BlackTeam "Cerdanyola Valles"]
[WhiteTeamCountry "ESP"]
[BlackTeamCountry "ESP"]

1. c4 e5 2. Nc3 Nf6 3. g3 c6 4. d4 exd4 5. Qxd4 d5 6. cxd5 cxd5 7. Bg2 Nc6 8. Qa4 d4 9. Nb5 Bb4+ 10. Kf1 0-0 11. Bg5 Bc5 12. Rd1 a6 13. Nc3 Bf5 14. Nd5 Re8 15. Bxf6 gxf6 16. Qb3 d3 17. e3 Ne5 18. h3 Rc8 19. Nf3 Ng6 20. Nd2 Re5 21. e4 Bd7 22. Kg1 Qf8 23. Qxd3 Bb5 24. Qf3 f5 25. h4 Qh6 1-0

[Event "Fincas Mediterranea 1st"]
[Site "Castelldefels"]
[Date "2004.08.26"]
[Round "9"]
[White "Raineri de Luca, Pablo"]
[Black "Rios Torondell, Jaume"]
[Result "1-0"]
[WhiteElo "2236"]
[BlackElo "2006"]
[PlyCount "63"]
[EventDate "2004.08.18"]
[EventType "swiss"]
[EventRounds "9"]
[EventCountry "ESP"]
[SourceTitle "EXT 2005"]
[Source "ChessBase"]
[SourceDate "2004.11.15"]
[SourceVersion "1"]
[SourceVersionDate "2004.11.15"]
[SourceQuality "1"]

1. Nf3 Nf6 2. c4 e6 3. Nc3 c5 4. g3 b6 5. Bg2 Bb7 6. 0-0 Nc6 7. d4 Nxd4 8. Nxd4 Bxg2 9. Kxg2 cxd4 10. Qxd4 Bc5 11. Qd3 Qc7 12. f3 Qd6 13. Rd1 Qxd3 14. Rxd3 Rc8 15. b3 Bb4 16. Bb2 0-0 17. e4 d5 18. cxd5 exd5 19. e5 d4 20. Nd1 Rc2+ 21. Kh3 Nd5 22. Rxd4 Bc3 23. Nxc3 Nxc3 24. Rc1 Rxb2 25. Rxc3 Rxa2 26. Rd7 Re2 27. f4 g5 28. Rxa7 gxf4 29. gxf4 Rd8 30. Rb7 Rdd2 31. Rb8+ Kg7 32. Rg3+ 1-0

[Event "Catalunya-ch"]
[Site "Barcelona"]
[Date "2002.03.28"]
[Round "5.6"]
[White "Rios Parra, Alejandro"]
[Black "Raineri de Luca, Pablo"]
[Result "1-0"]
[WhiteElo "2422"]
[BlackElo "2172"]
[PlyCount "133"]
[EventDate "2002.03.24"]
[EventType "swiss"]
[EventRounds "9"]
[EventCountry "ESP"]
[SourceTitle "EXT 2003"]
[Source "ChessBase"]
[SourceDate "2002.11.25"]
[SourceVersion "1"]
[SourceVersionDate "2002.11.25"]
[SourceQuality "1"]

1. e4 c5 2. Nf3 Nc6 3. d4 cxd4 4. Nxd4 Nf6 5. Nc3 d6 6. f4 Qb6 7. Nb3 a6 8. Qf3 Bg4 9. Qg3 h5 10. Be3 Qc7 11. h3 Bd7 12. 0-0-0 e6 13. Kb1 b5 14. Bd3 b4 15. Ne2 a5 16. Qf3 e5 17. Qf2 a4 18. Nd2 Na5 19. fxe5 dxe5 20. Bg5 Be7 21. Rhf1 Rb8 22. Qf3 Be6 23. Ng3 a3 24. Bxf6 Bxf6 25. Nxh5 Rxh5 26. Qxh5 axb2 27. Rf3 Qa7 28. Nb3 Nc4 29. Bxc4 Bxc4 30. Kxb2 Ra8 31. Rd6 Ke7 32. Rc6 Qa3+ 33. Kb1 Qxa2+ 34. Kc1 Qa3+ 35. Kd2 Rd8+ 36. Ke1 Qa2 37. Rxc4 Qb1+ 38. Ke2 Rd1 39. Rf2 Re1+ 40. Kf3 Rf1 41. Rc7+ Kd8 42. Rxf1 Qxf1+ 43. Ke3 g6 44. Qe2 Qf4+ 45. Kd3 Kxc7 46. Kc4 Be7 47. Kb5 Bd6 48. Qf3 Qxf3 49. gxf3 Kd7 50. Nc5+ Ke7 51. Kxb4 Kf6 52. Kc4 Kg5 53. Kd5 Be7 54. Nd3 f6 55. c4 Kh4 56. Ke6 Bd8 57. c5 Kg3 58. Kd7 Ba5 59. c6 Kxf3 60. Nb2 f5 61. exf5 gxf5 62. Nc4 e4 63. Nxa5 e3 64. Nb3 Kg2 65. Nd4 f4 66. c7 f3 67. Nxf3 1-0

[Event "Najdorf Festival op"]
[Site "Buenos Aires"]
[Date "1998.11.01"]
[Round "9"]
[White "Raineri de Luca, Pablo"]
[Black "Del Castillo, Gustavo"]
[Result "1-0"]
[WhiteElo "2130"]
[BlackElo "2310"]
[PlyCount "80"]
[EventDate "1998.10.??"]
[EventType "swiss"]
[EventRounds "9"]
[EventCountry "ARG"]
[SourceTitle "EXT 2002"]
[Source "ChessBase"]
[SourceDate "2001.11.25"]
[SourceVersion "1"]
[SourceVersionDate "2001.11.25"]
[SourceQuality "1"]

1. d4 Nf6 2. c4 c5 3. d5 b5 4. cxb5 a6 5. Nc3 d6 6. e4 g6 7. Nf3 Nbd7 8. a4 Bg7 9. h3 0-0 10. bxa6 Bxa6 11. Bxa6 Rxa6 12. 0-0 Qa8 13. Re1 Nb6 14. Bg5 h6 15. Bf4 Nh5 16. Bd2 Nc4 17. b3 Nxd2 18. Qxd2 Rb8 19. Rab1 Nf6 20. Nb5 Ne8 21. Rbc1 Rb7 22. e5 Nc7 23. Nxc7 Rxc7 24. e6 f5 25. Qd3 Rb6 26. Nd2 Rcb7 27. Re3 Rb4 28. Rc4 Rxc4 29. Nxc4 Bd4 30. Rg3 Kh7 31. h4 h5 32. Ne3 Qf8 33. Rf3 Bxe3 34. Qxe3 Qf6 35. Qg5 Qa1+ 36. Kh2 Qe5+ 37. Rg3 Qg7 38. Rd3 Qe5+ 39. Qg3 f4 40. Qg5 Qe4 1-0

[Event "Najdorf Festival op"]
[Site "Buenos Aires"]
[Date "1998.10.28"]
[Round "5"]
[White "Juanchini, Marcos"]
[Black "Raineri de Luca, Pablo"]
[Result "0-1"]
[WhiteElo "2120"]
[BlackElo "2130"]
[PlyCount "110"]
[EventDate "1998.10.??"]
[EventType "swiss"]
[EventRounds "9"]
[EventCountry "ARG"]
[SourceTitle "EXT 2002"]
[Source "ChessBase"]
[SourceDate "2001.11.25"]
[SourceVersion "1"]
[SourceVersionDate "2001.11.25"]
[SourceQuality "1"]

1. d4 Nf6 2. Nf3 c5 3. Bf4 cxd4 4. Qxd4 Nc6 5. Qd2 g6 6. c3 Bg7 7. Qc2 d5 8. Ne5 0-0 9. e3 Ne4 10. Nxc6 bxc6 11. Nd2 Nc5 12. Nf3 Bf5 13. Qd2 Qb6 14. Be5 Ne4 15. Qc1 f6 16. Bg3 e5 17. Be2 Rab8 18. b3 Qc5 19. 0-0 Nxc3 20. Bd1 Rfc8 21. Nd2 Bf8 22. Bf3 Nb5 23. e4 Qxc1 24. Raxc1 Be6 25. Nb1 d4 26. Be2 Nd6 27. f3 Bh6 28. Rc2 c5 29. Na3 Rb6 30. Rd1 Rbc6 31. Nc4 Nxc4 32. Bxc4 Bxc4 33. Rxc4 Ra6 34. Rc2 c4 35. bxc4 Rac6 36. f4 Rxc4 37. Rxc4 Rxc4 38. fxe5 Be3+ 39. Kf1 Kf7 40. exf6 Kxf6 41. Rd3 Rc1+ 42. Ke2 Rc2+ 43. Kf3 Rxa2 44. Rb3 h5 45. h4 Bc1 46. Bd6 Ke6 47. Bf8 Be3 48. Bg7 Rf2+ 49. Kg3 Rf7 50. Bh8 Bf4+ 51. Kh3 Be5 52. Bxe5 Kxe5 53. g4 Kxe4 54. gxh5 gxh5 55. Rb5 d3 0-1

[Event "Pan American-ch U26"]
[Site "Buenos Aires"]
[Date "1997.??.??"]
[Round "9"]
[White "Raineri de Luca, Pablo"]
[Black "Rivera, Guillermo"]
[Result "1/2-1/2"]
[WhiteElo "2095"]
[BlackElo "2135"]
[PlyCount "76"]
[EventDate "1997.??.??"]
[EventType "swiss"]
[EventRounds "11"]
[EventCountry "ARG"]
[SourceTitle "EXT 2001"]
[Source "ChessBase"]
[SourceDate "2000.11.22"]
[SourceVersion "1"]
[SourceVersionDate "2000.11.22"]
[SourceQuality "1"]

1. d4 Nf6 2. c4 g6 3. Nc3 Bg7 4. e4 d6 5. f4 0-0 6. Nf3 Na6 7. Be2 e5 8. dxe5 dxe5 9. Nxe5 Nc5 10. Qxd8 Rxd8 11. Bf3 Nfd7 12. Nxd7 Nd3+ 13. Ke2 Nxc1+ 14. Raxc1 Bxd7 15. b3 a5 16. Rhd1 c6 17. Na4 Be6 18. Nc5 Rxd1 19. Rxd1 a4 20. Nxe6 fxe6 21. Rd7 axb3 22. axb3 e5 23. f5 Ra2+ 24. Kd3 Ra7 25. fxg6 hxg6 26. Rc7 Bf8 27. Bg4 Bb4 28. Bc8 Ra3 29. Be6+ Kf8 30. c5 Bxc5 31. Rxb7 Be7 32. Rc7 c5 33. Kc4 Ra2 34. Bh3 Rd2 35. Rc6 Rd4+ 36. Kc3 Kg7 37. Rc7 Kf6 38. Rc6+ Kg7 1/2-1/2